000 00736cam a22002533a 4500
001 21835
003 PGUSA
005 20140828083450.0
008 070615s2007||||xxu|||||s|||||000 | eng d
040 _aPGUSA
_beng
042 _adc
050 4 _aDS
100 1 _aSpargo, John,
_d1876-1966
245 1 4 _aThe Jew and American Ideals
_h[electronic resource] /
_cJohn Spargo
260 _bProject Gutenberg,
_c2007
506 _aPublic domain in the USA.
516 _aElectronic text
653 _aDearborn independent. International Jew
653 _aProtocols of the wise men of Zion
653 _aJews -- United States
830 0 _aProject Gutenberg
_v21835
856 4 0 _uhttp://www.gutenberg.org/ebooks/21835
942 _cEB
999 _c251090
_d251090